Páginas iniciales (notice n° 1571463)
[ vue normale ]
| 000 -LEADER | |
|---|---|
| fixed length control field | 01561cam a2200157 4500500 |
| 005 - DATE AND TIME OF LATEST TRANSACTION | |
| control field | 20251214020910.0 |
| 041 ## - LANGUAGE CODE | |
| Language code of text/sound track or separate title | fre |
| 042 ## - AUTHENTICATION CODE | |
| Authentication code | dc |
| 100 10 - MAIN ENTRY--PERSONAL NAME | |
| Personal name | Claude, Viviane |
| Relator term | author |
| 245 00 - TITLE STATEMENT | |
| Title | Páginas iniciales |
| 260 ## - PUBLICATION, DISTRIBUTION, ETC. | |
| Date of publication, distribution, etc. | 2025.<br/> |
| 500 ## - GENERAL NOTE | |
| General note | 38 |
| 520 ## - SUMMARY, ETC. | |
| Summary, etc. | Las trayectorias residenciales y de movilidad han sido analizadas por la literatura científica y algunos vínculos entre dichas temáticas han sido identificados a fin de comprender las elecciones de los individuos. Este artículo prolonga esas reflexiones para determinar si los itinerarios residenciales pueden explicar la propagación del uso de un modo de desplazamiento. El objetivo es comprender si las trayectorias residenciales pueden ser un soporte para la difusión de la práctica del ciclismo a partir del centro de la región Île-de-France. Basado en entrevistas semi-directivas realizadas entre 2018 y 2019, e interrogando los itinerarios residenciales y el uso de la bicicleta de habitantes de la periferia cercana a París, este trabajo muestra que las dinámicas residenciales centrífugas contribuyen al desarrollo del ciclismo según esta misma tendencia. El desarrollo del ciclismo del centro hacia la periferia de la aglomeración parisina se explica fundamentalmente por la importación de prácticas de desplazamiento, así como por la difusión de la movilización ciudadana. |
| 786 0# - DATA SOURCE ENTRY | |
| Note | Espaces et sociétés | 195 | 2 | 2025-09-23 | p. 1-6 | 0014-0481 |
| 856 41 - ELECTRONIC LOCATION AND ACCESS | |
| Uniform Resource Identifier | <a href="https://shs.cairn.info/revista-espaces-et-societes-2025-2-page-1?lang=es&redirect-ssocas=7080">https://shs.cairn.info/revista-espaces-et-societes-2025-2-page-1?lang=es&redirect-ssocas=7080</a> |
Pas d'exemplaire disponible.




Réseaux sociaux